Random Knowledge Quiz #64 - Statistics

General Stats
  • This quiz has been taken 159 times
  • The average score is 8 of 15
Answer Stats
Question Answer % Correct
Fill in these lyrics: It's fun to stay at the _______ / It's fun to stay at the _______ / They have everything for young men to enjoy / You can hang out with all the boys Y.M.C.A
73%
What Celine Dion song was featured on the Titanic soundtrack? My Heart Will Go On
72%
What year did ABBA win the Eurovision song contest? 1974
69%
Which nuts are used to make marzipan? Almonds
68%
What do you suffer from if you have Hypotension? Low blood pressure
66%
In Disney's "Pinocchio", what animal does Pinocchio get trapped inside? A whale
58%
What plant is rum made from? Sugar cane
57%
Smarties, After Eight, Fitness cereal, Häagen-Dazs, and Purina are all brands under what company? Nestlé
52%
Between 1924 and 2023, what is the most common name given to a girl in the USA? Mary
51%
Between 1924 and 2023, what is the most common name given to a boy in the USA? James
46%
In NATO phonetic alphabet, what is the word for "J"? Juliett
40%
Who wrote the autobiography called Becoming? Michelle Obama
40%
In which country can you find the oldest temple? Turkey
25%
What scientist discovered X-rays? Wilhelm Röntgen
24%
In which European city are the headquarters of OPEC? Vienna
13%
No matching quizzes found
Score Distribution
Percent of People with Each Score
Percentile by Number Answered
Your Score History
You have not taken this quiz